[Event "Tambov Korensky Memorial 23rd"]
[Site "Tambov"]
[Date "2014.08.23"]
[Round "1"]
[White "Petrov, Alexander V"]
[Black "Lopukhin, Anatoly Viktorovich"]
[Result "0-1"]
[WhiteElo "2050"]
[BlackElo "2329"]
[PlyCount "120"]
[EventDate "2014.08.23"]
[EventType "swiss"]
[EventRounds "9"]
[EventCountry "RUS"]
[SourceTitle "EXT 2015"]
[Source "ChessBase"]
[SourceDate "2014.11.20"]
[SourceVersion "1"]
[SourceVersionDate "2014.11.20"]
[SourceQuality "1"]

1. e4 g6 2. Nc3 Bg7 3. d4 d6 4. Be3 c6 5. a4 Nd7 6. Nf3 Ngf6 7. h3 0-0 8. Be2 e5 9. dxe5 dxe5 10. 0-0 Qe7 11. Nd2 Nc5 12. Bc4 Ne6 13. Bxe6 Bxe6 14. Nb3 Nd7 15. a5 Bc4 16. Re1 Rfd8 17. Qc1 Bf8 18. Nd2 Ba6 19. Nb3 Bc4 20. Nd2 Be6 21. Nf3 f6 22. Rd1 Bf7 23. Rb1 Qb4 24. Ra1 Bc5 25. Bd2 Qc4 26. b3 Qe6 27. Na4 Be7 28. Be3 Bb4 29. Bd2 Qe7 30. Be1 Bxe1 31. Rxe1 Nf8 32. Qe3 Ne6 33. Red1 c5 34. Qc3 Rac8 35. Kf1 Nd4 36. Nb2 Qe8 37. Nxd4 cxd4 38. Qd3 Rc3 39. Qe2 Rdc8 40. Rd2 Qc6 41. Rc1 Bxb3 42. Nd3 Bc4 43. Ke1 Bxd3 44. Rxd3 Rxc2 45. Rxc2 Qxc2 46. Qxc2 Rxc2 47. Rb3 Rc7 48. Kd2 Kf7 49. Rb5 Ke6 50. g4 g5 51. f3 Kd6 52. Rd5+ Kc6 53. Rd8 Kb5 54. Rd6 Kxa5 55. Rxf6 b5 56. Rf5 Rc5 57. Rxg5 b4 58. f4 Kb5 59. Rxe5 Rxe5 60. fxe5 a5 0-1

[Event "Tambov Pavlyutin Memorial 4th"]
[Site "Tambov"]
[Date "2014.05.25"]
[Round "9"]
[White "Suvorov, Alexander"]
[Black "Petrov, Alexander V"]
[Result "1/2-1/2"]
[WhiteElo "2027"]
[BlackElo "2078"]
[PlyCount "47"]
[EventDate "2014.05.21"]
[EventType "tourn"]
[EventRounds "9"]
[EventCountry "RUS"]
[SourceTitle "CBM 160 Extra"]
[Source "ChessBase"]
[SourceDate "2014.07.01"]
[SourceVersion "1"]
[SourceVersionDate "2014.07.01"]
[SourceQuality "1"]

1. e4 Nf6 2. Nc3 e5 3. Nf3 Nc6 4. Bc4 Nxe4 5. Bxf7+ Kxf7 6. Nxe4 d5 7. Neg5+ Kg8 8. d3 h6 9. Nh3 Bg4 10. Nhg1 Bd6 11. h3 Bh5 12. g4 Bg6 13. Ne2 e4 14. dxe4 dxe4 15. Nfd4 Ne5 16. Nf4 Nf3+ 17. Nxf3 Bxf4 18. Qxd8+ Rxd8 19. Bxf4 exf3 20. Rd1 Kf7 21. Rd2 Rhe8+ 22. Be3 Rxd2 23. Kxd2 Rd8+ 24. Kc1 1/2-1/2

[Event "Tambov Pavlyutin Memorial 4th"]
[Site "Tambov"]
[Date "2014.05.23"]
[Round "5"]
[White "Uryupin, Igor Nikolaevich"]
[Black "Petrov, Alexander V"]
[Result "1-0"]
[WhiteElo "2265"]
[BlackElo "2078"]
[PlyCount "73"]
[EventDate "2014.05.21"]
[EventType "tourn"]
[EventRounds "9"]
[EventCountry "RUS"]
[SourceTitle "CBM 160 Extra"]
[Source "ChessBase"]
[SourceDate "2014.07.01"]
[SourceVersion "1"]
[SourceVersionDate "2014.07.01"]
[SourceQuality "1"]

1. c4 Nf6 2. Nc3 c6 3. Nf3 d5 4. cxd5 cxd5 5. d4 Nc6 6. Bf4 Bf5 7. e3 e6 8. Bd3 Bxd3 9. Qxd3 Be7 10. h3 0-0 11. 0-0 Qd7 12. a3 Rfc8 13. b4 h6 14. Rfc1 Ne8 15. Nd2 Nd6 16. Nb3 Nc4 17. Nc5 Bxc5 18. bxc5 b6 19. e4 N6a5 20. exd5 exd5 21. cxb6 axb6 22. Rcb1 Re8 23. Rb5 Qc6 24. a4 Rad8 25. Qf3 Qf6 26. Rd1 Qf5 27. Nxd5 Qc2 28. Nxb6 Nxb6 29. Rxa5 Qc4 30. Rc1 Qxd4 31. Be3 Rxe3 32. Qxe3 Qf6 33. Ra6 Rd6 34. a5 Nd5 35. Rxd6 Qxd6 36. Qe8+ Kh7 37. Qe4+ 1-0

[Event "Tambov Pavlyutin Memorial 4th"]
[Site "Tambov"]
[Date "2014.05.21"]
[Round "1"]
[White "Petrov, Alexander V"]
[Black "Shvadchenko, Grigory F"]
[Result "0-1"]
[WhiteElo "2078"]
[BlackElo "1927"]
[PlyCount "88"]
[EventDate "2014.05.21"]
[EventType "tourn"]
[EventRounds "9"]
[EventCountry "RUS"]
[SourceTitle "CBM 160 Extra"]
[Source "ChessBase"]
[SourceDate "2014.07.01"]
[SourceVersion "1"]
[SourceVersionDate "2014.07.01"]
[SourceQuality "1"]

1. e4 c5 2. c3 Nc6 3. d4 cxd4 4. cxd4 e6 5. d5 Bb4+ 6. Nc3 exd5 7. exd5 Qe7+ 8. Be2 Bxc3+ 9. bxc3 Ne5 10. d6 Qe6 11. Nh3 Nf6 12. Nf4 Qf5 13. 0-0 0-0 14. Nd5 Nxd5 15. Qxd5 Qe6 16. Qd4 Re8 17. Be3 b6 18. Rfd1 Bb7 19. Qf4 Rac8 20. Bf1 Rxc3 21. Bd4 Ng6 22. Qg5 Rcc8 23. h4 f6 24. Qg3 Ne5 25. h5 Qf7 26. Qh3 Qe6 27. Qg3 Qf5 28. Qb3+ Kh8 29. Bxe5 fxe5 30. Qa4 a6 31. Qh4 e4 32. Re1 h6 33. Re2 Re5 34. g4 Qf4 35. Rae1 Rg5 36. Bh3 Qxd6 37. Re3 Qf4 38. f3 Rc2 39. Bf1 d5 40. R3e2 Rc3 41. Qf2 Rxf3 42. Qxb6 Rxf1+ 43. Rxf1 Qxg4+ 44. Kh1 Qh3+ 0-1

[Event "Tambov Pavlyutin Memorial 4th"]
[Site "Tambov"]
[Date "2014.05.21"]
[Round "2"]
[White "Yumashev, Viktor V"]
[Black "Petrov, Alexander V"]
[Result "1/2-1/2"]
[WhiteElo "1906"]
[BlackElo "2078"]
[PlyCount "51"]
[EventDate "2014.05.21"]
[EventType "tourn"]
[EventRounds "9"]
[EventCountry "RUS"]
[SourceTitle "CBM 160 Extra"]
[Source "ChessBase"]
[SourceDate "2014.07.01"]
[SourceVersion "1"]
[SourceVersionDate "2014.07.01"]
[SourceQuality "1"]

1. e4 e5 2. Nf3 Nc6 3. Nc3 Nf6 4. Bb5 Nd4 5. Ba4 Bc5 6. Nxe5 Qe7 7. Nd3 Nxe4 8. 0-0 Nxc3 9. dxc3 Ne6 10. Nxc5 Qxc5 11. Be3 Qa5 12. Bb3 0-0 13. a3 d6 14. c4 Qe5 15. c3 Bd7 16. Re1 Qf6 17. c5 Bc6 18. cxd6 Rfd8 19. Qg4 Rxd6 20. Bc2 a6 21. Bf5 h6 22. Bxe6 Qxe6 23. Qxe6 Rxe6 24. Bf4 Rae8 25. Rxe6 Rxe6 26. Be3 1/2-1/2

[Event "Kaluga Tsiolkovsky Memorial op"]
[Site "Kaluga"]
[Date "2012.08.03"]
[Round "5"]
[White "Petrov, Alexander V"]
[Black "Komissarova, Oksana"]
[Result "1-0"]
[WhiteElo "2157"]
[BlackElo "1928"]
[PlyCount "43"]
[EventDate "2012.07.30"]
[EventType "swiss"]
[EventRounds "9"]
[EventCountry "RUS"]
[SourceTitle "EXT 2014"]
[Source "ChessBase"]
[SourceDate "2013.11.20"]
[SourceVersion "1"]
[SourceVersionDate "2013.11.20"]
[SourceQuality "1"]

1. e4 d6 2. d4 Nf6 3. Nc3 g6 4. f3 Bg7 5. Be3 Nbd7 6. Qd2 0-0 7. h4 h5 8. 0-0-0 a6 9. g4 e5 10. gxh5 Nxh5 11. Nge2 c6 12. Bh3 Nb6 13. b3 Bxh3 14. Rxh3 Qc7 15. Ng3 Kh7 16. Nxh5 gxh5 17. Rg3 f6 18. Rdg1 Rf7 19. Rg6 a5 20. a4 Nd7 21. Bh6 Bh8 22. Bf8 1-0

[Event "Tambov Pavlyutin Memorial 2nd"]
[Site "Tambov"]
[Date "2012.05.17"]
[Round "4"]
[White "Uryupin, Igor Nikolaevich"]
[Black "Petrov, Alexander V"]
[Result "1-0"]
[WhiteElo "2261"]
[BlackElo "2186"]
[PlyCount "57"]
[EventDate "2012.05.15"]
[EventType "tourn"]
[EventRounds "9"]
[EventCountry "RUS"]
[SourceTitle "EXT 2014"]
[Source "ChessBase"]
[SourceDate "2013.11.20"]
[SourceVersion "1"]
[SourceVersionDate "2013.11.20"]
[SourceQuality "1"]

1. c4 c6 2. Nf3 d5 3. g3 Nf6 4. Bg2 Bf5 5. 0-0 h6 6. d3 e6 7. Qb3 Qb6 8. Qc2 Nbd7 9. cxd5 exd5 10. Nc3 Be7 11. e4 dxe4 12. dxe4 Bh7 13. Be3 Qa5 14. a3 0-0 15. b4 Qh5 16. h3 Ne5 17. Nd2 Rfc8 18. f4 Nd5 19. Bd4 Nd7 20. g4 Qg6 21. f5 Qd6 22. exd5 cxd5 23. Qd3 Nf6 24. Rae1 Qd7 25. Bxf6 Bxf6 26. Nxd5 Qd6 27. Ne4 Qd8 28. Nexf6+ gxf6 29. Re8+ 1-0

[Event "Tambov Korensky Memorial 20th"]
[Site "Tambov"]
[Date "2011.08.28"]
[Round "9"]
[White "Petrov, Alexander V"]
[Black "Kupreichik, Viktor D"]
[Result "0-1"]
[WhiteElo "2180"]
[BlackElo "2433"]
[PlyCount "102"]
[EventDate "2011.08.20"]
[EventType "swiss"]
[EventRounds "9"]
[EventCountry "RUS"]
[SourceTitle "CBM 144 Extra"]
[Source "ChessBase"]
[SourceDate "2011.10.28"]
[SourceVersion "1"]
[SourceVersionDate "2011.10.28"]
[SourceQuality "1"]

1. e4 c5 2. c3 e6 3. d4 d5 4. exd5 exd5 5. Nf3 Nc6 6. Be3 Qb6 7. Qb3 c4 8. Qc2 g6 9. Nbd2 Bf5 10. Qc1 Nf6 11. h3 Bd6 12. Be2 0-0 13. 0-0 Qc7 14. Re1 Rfe8 15. Nf1 b5 16. b3 a6 17. N3d2 Rac8 18. a4 Rb8 19. axb5 axb5 20. b4 Nd7 21. Bh6 Nb6 22. Ne3 Be6 23. Nf3 f6 24. Nd2 Qf7 25. h4 Ne7 26. Bg4 Bxg4 27. Nxg4 Nf5 28. Nf3 Na4 29. Qd2 Re4 30. Rxe4 dxe4 31. Nfh2 Re8 32. g3 Kh8 33. Be3 Qe6 34. Nh6 Ne7 35. Nf1 Nd5 36. Rc1 Naxc3 37. Ra1 Na4 38. Rb1 Rc8 39. h5 Bf8 40. hxg6 hxg6 41. Nh2 c3 42. Qe1 c2 43. Rc1 Nb2 44. N2g4 Bxh6 45. Nxh6 Nd3 46. Qe2 Nxe3 47. Qxe3 Nxc1 48. Qxc1 Kg7 49. Kg2 e3 50. fxe3 Qe4+ 51. Kf2 Kxh6 0-1

[Event "Tambov Korensky Memorial 20th"]
[Site "Tambov"]
[Date "2011.08.25"]
[Round "6"]
[White "Petrov, Alexander V"]
[Black "Lukovnikov, Alexander"]
[Result "1/2-1/2"]
[WhiteElo "2180"]
[BlackElo "2306"]
[PlyCount "87"]
[EventDate "2011.08.20"]
[EventType "swiss"]
[EventRounds "9"]
[EventCountry "RUS"]
[SourceTitle "CBM 144 Extra"]
[Source "ChessBase"]
[SourceDate "2011.10.28"]
[SourceVersion "1"]
[SourceVersionDate "2011.10.28"]
[SourceQuality "1"]

1. e4 e5 2. Nf3 Nc6 3. d4 exd4 4. c3 d5 5. exd5 Qxd5 6. cxd4 Bg4 7. Be2 Bb4+ 8. Nc3 Bxf3 9. Bxf3 Qc4 10. Bxc6+ bxc6 11. Qe2+ Qxe2+ 12. Kxe2 Bxc3 13. bxc3 Kd7 14. Be3 Ne7 15. c4 Rab8 16. Rab1 Nf5 17. Kd3 Rb6 18. Rb3 Ra6 19. a3 Re8 20. Rhb1 Ra4 21. g3 h5 22. Rc3 f6 23. Bd2 Re6 24. h4 Rd6 25. Be3 Nxd4 26. Bf4 Nb5+ 27. Bxd6 Nxc3 28. Kxc3 Kxd6 29. Kb3 Ra5 30. Rd1+ Ke6 31. f4 g5 32. Kb4 Rf5 33. Re1+ Kd7 34. Re4 gxh4 35. gxh4 Kc8 36. Kb3 Kb7 37. Kb4 Ka6 38. Ka4 Ra5+ 39. Kb4 Kb6 40. Re6 Rf5 41. Re4 Rc5 42. Re6 a5+ 43. Kc3 Rf5 44. Re4 1/2-1/2

[Event "Tambov Korensky Memorial 19th"]
[Site "Tambov"]
[Date "2010.08.28"]
[Round "8"]
[White "Petrov, Alexander V"]
[Black "Korensky, Sergey"]
[Result "0-1"]
[WhiteElo "2174"]
[BlackElo "2232"]
[PlyCount "70"]
[EventDate "2010.08.21"]
[EventType "swiss"]
[EventRounds "9"]
[EventCountry "RUS"]
[SourceTitle "EXT 2022"]
[Source "ChessBase"]
[SourceDate "2021.10.06"]
[SourceVersion "1"]
[SourceVersionDate "2021.10.06"]
[SourceQuality "1"]

1. e4 c5 2. c3 d6 3. d4 Nf6 4. Bd3 Nc6 5. Ne2 e5 6. 0-0 Be7 7. d5 Nb8 8. c4 0-0 9. Nbc3 Nh5 10. f4 exf4 11. Nxf4 Nxf4 12. Bxf4 Nd7 13. e5 dxe5 14. Bg3 g6 15. Ne4 f5 16. d6 Bh4 17. Bc2 Bxg3 18. Nxg3 Qh4 19. Qd5+ Rf7 20. Rad1 Nf6 21. Qxc5 b6 22. Qa3 Bb7 23. c5 bxc5 24. d7 Nxd7 25. Rd6 Nf6 26. Rfd1 c4 27. h3 f4 28. Nf1 Qg5 29. R1d2 e4 30. Bd1 e3 31. Rc2 Ne4 32. Rd4 Nf2 33. g4 Nxh3+ 34. Kh2 Nf2 35. Rxf2 Qh4+ 0-1

[Event "Tambov Korensky Memorial 19th"]
[Site "Tambov"]
[Date "2010.08.26"]
[Round "6"]
[White "Petrov, Alexander V"]
[Black "Balashov, Yuri S"]
[Result "0-1"]
[WhiteElo "2174"]
[BlackElo "2400"]
[PlyCount "112"]
[EventDate "2010.08.21"]
[EventType "swiss"]
[EventRounds "9"]
[EventCountry "RUS"]
[SourceTitle "EXT 2022"]
[Source "ChessBase"]
[SourceDate "2021.10.06"]
[SourceVersion "1"]
[SourceVersionDate "2021.10.06"]
[SourceQuality "1"]

1. e4 c6 2. d4 d5 3. Nd2 dxe4 4. Nxe4 Nf6 5. Nxf6+ gxf6 6. Nf3 Qc7 7. Be2 Bf5 8. 0-0 Nd7 9. Be3 e6 10. c3 Bd6 11. Kh1 0-0-0 12. b4 Nb6 13. b5 c5 14. dxc5 Bxc5 15. Qc1 Rhg8 16. Bf4 e5 17. Bg3 Nd5 18. Nd2 Qe7 19. a4 Bg4 20. Re1 Bxe2 21. Rxe2 Qe6 22. c4 Nb4 23. Nb3 Be7 24. Na5 Qb6 25. Nb3 Rd3 26. c5 Qe6 27. Na5 Rgd8 28. Re1 R8d4 29. c6 b6 30. Nb7 Rc4 31. Qb1 a5 32. Rd1 Qd5 33. Rxd3 Qxd3 34. Qd1 Qxd1+ 35. Rxd1 Nxc6 36. bxc6 Rxc6 37. Nxa5 bxa5 38. h3 Rc4 39. Ra1 Bc5 40. f3 Bd4 41. Ra2 Rc1+ 42. Kh2 Bg1+ 43. Kh1 Kd7 44. Re2 Bd4+ 45. Kh2 Ra1 46. Re4 f5 47. Re2 f4 48. Bf2 Bxf2 49. Rxf2 Rxa4 50. Rd2+ Rd4 51. Rb2 a4 52. Rb7+ Kc6 53. Rxf7 Rd7 54. Rf6+ Kb5 55. Re6 a3 56. Rxe5+ Kb4 0-1

[Event "Tambov Korensky Memorial 19th"]
[Site "Tambov"]
[Date "2010.08.25"]
[Round "5"]
[White "Lukovnikov, Alexander"]
[Black "Petrov, Alexander V"]
[Result "0-1"]
[WhiteElo "2351"]
[BlackElo "2174"]
[PlyCount "65"]
[EventDate "2010.08.21"]
[EventType "swiss"]
[EventRounds "9"]
[EventCountry "RUS"]
[SourceTitle "EXT 2022"]
[Source "ChessBase"]
[SourceDate "2021.10.06"]
[SourceVersion "1"]
[SourceVersionDate "2021.10.06"]
[SourceQuality "1"]

1. e4 e5 2. Nf3 Nc6 3. Bc4 Bc5 4. c3 Nf6 5. d4 exd4 6. cxd4 Bb4+ 7. Bd2 Bxd2+ 8. Nbxd2 d5 9. exd5 Nxd5 10. Qb3 Nce7 11. 0-0 0-0 12. Rfe1 c6 13. Ne4 Qb6 14. Qa3 Nf5 15. Nc5 Nf6 16. Qd3 Nd6 17. Bb3 Bf5 18. Qe3 Bg6 19. Qf4 Qd8 20. Ne5 Re8 21. h3 Rc8 22. Rac1 Rc7 23. g4 Rce7 24. h4 h5 25. g5 Nd5 26. Qf3 Nf5 27. Nxb7 Nxd4 28. Qd1 Qb6 29. Bxd5 cxd5 30. Nc5 Nc2 31. Rxc2 Bxc2 32. Qxd5 Qxb2 33. f4 0-1

[Event "Tambov Korensky Memorial 18th"]
[Site "Tambov"]
[Date "2009.08.25"]
[Round "4"]
[White "Petrov, Alexander V"]
[Black "Mishin, Victor"]
[Result "0-1"]
[WhiteElo "2177"]
[BlackElo "1892"]
[PlyCount "90"]
[EventDate "2009.08.22"]
[EventType "swiss"]
[EventRounds "9"]
[EventCountry "RUS"]
[SourceTitle "CBM 132 Extra"]
[Source "ChessBase"]
[SourceDate "2009.11.03"]
[SourceVersion "1"]
[SourceVersionDate "2009.11.03"]
[SourceQuality "1"]

1. e4 e5 2. Nf3 Nc6 3. Bb5 a6 4. Ba4 Nf6 5. 0-0 d6 6. Re1 b5 7. Bb3 Be6 8. c3 Bxb3 9. axb3 Be7 10. d3 0-0 11. b4 a5 12. bxa5 Rxa5 13. Rxa5 Nxa5 14. Na3 c6 15. b4 Nb7 16. Qb3 Qd7 17. d4 exd4 18. cxd4 d5 19. e5 Ne4 20. Nc2 Nd8 21. Nd2 Nxd2 22. Bxd2 Qf5 23. Ra1 f6 24. e6 Nxe6 25. Qc3 Rc8 26. f3 Nf4 27. Re1 Bd6 28. Bxf4 Qxf4 29. g3 Qf5 30. Kg2 Kf7 31. Ne3 Qd7 32. Rc1 Rc7 33. Rc2 g6 34. Ng4 Qe7 35. Rb2 h5 36. Ne3 Qe8 37. Kf2 Re7 38. Ng2 g5 39. h4 Re6 40. hxg5 fxg5 41. Ra2 Qe7 42. Qc2 Kg7 43. Qd3 Bxb4 44. Ne3 Be1+ 45. Ke2 Bxg3 0-1